Barnsley's land options (Record no. 109674)

MARC details
000 -LEADER
fixed length control field 01473cam a22003255a 4500
001 - CONTROL NUMBER
control field L147661
008 - FIXED-LENGTH DATA ELEMENTS--GENERAL INFORMATION
fixed length control field 090603s2009 xxk f 000 0 eng u
020 ## - INTERNATIONAL STANDARD BOOK NUMBER
International Standard Book Number 9781847035646
020 ## - INTERNATIONAL STANDARD BOOK NUMBER
International Standard Book Number 9781847035646
035 ## - SYSTEM CONTROL NUMBER
System control number (Sirsi) u147661
041 ## - LANGUAGE CODE
Language code of text/sound track or separate title eng
050 ## - LIBRARY OF CONGRESS CALL NUMBER
Classification number 346.410438 $2 18
100 1# - MAIN ENTRY--PERSONAL NAME
Personal name Dray, Martin
245 ## - TITLE STATEMENT
Title Barnsley's land options
250 ## - EDITION STATEMENT
Edition statement 5th ed.
260 ## - PUBLICATION, DISTRIBUTION, ETC.
Place of publication, distribution, etc. London
Name of publisher, distributor, etc. Sweet and Maxwell
Date of publication, distribution, etc. 2009
300 ## - PHYSICAL DESCRIPTION
Extent lviii, 473p.
Dimensions 24 cm.
350 ## - PRICE (NR) (BK AM CF MU VM SE) [OBSOLETE]
Price 195
505 ## - FORMATTED CONTENTS NOTE
Formatted contents note Introduction -- Inter vivos options to purchase -- Transfer of options: benefit and burden -- Exercise of options -- Testamentary options -- Rights of pre-emption -- Options in leases: creation -- Options in leases: assignment and third parties -- Options in leases: exercise -- Remedies -- Options and insolvency -- Options and tax
520 ## - SUMMARY, ETC.
Summary, etc. Supersedes 4th edition (ISBN 0421856106).
520 ## - SUMMARY, ETC.
Summary, etc. Provides practical commentary and analysis on the complex law of options affecting land. Its comprehensive coverage includes options to buy, options in wills, rights of pre-emption, transfer of options, options in leases and remedies for breach of an option agreement. It also covers options and tax including the impact of stamp duty land tax.
521 ## - TARGET AUDIENCE NOTE
Target audience note Advanced
590 ## - LOCAL NOTE (RLIN)
Local note KA
650 ## - SUBJECT ADDED ENTRY--TOPICAL TERM
Topical term or geographic name entry element LAND REGISTRATION ACT 2002
650 ## - SUBJECT ADDED ENTRY--TOPICAL TERM
Topical term or geographic name entry element OPTION AGREEMENTS
650 ## - SUBJECT ADDED ENTRY--TOPICAL TERM
Topical term or geographic name entry element OPTIONS TO PURCHASE
690 ## - LOCAL SUBJECT ADDED ENTRY--TOPICAL TERM (OCLC, RLIN)
Topical term or geographic name as entry element PROPERTY
700 ## - ADDED ENTRY--PERSONAL NAME
Personal name Rosenthal, Adam
942 ## - ADDED ENTRY ELEMENTS (KOHA)
Suppress in OPAC 0
Holdings
Withdrawn status Lost status Source of classification or shelving scheme Damaged status Not for loan Home library Current library Shelving location Date acquired Total Checkouts Full call number Barcode Date last seen Copy number Price effective from Koha item type
    Other/Generic Classification Scheme     London London Books 28/07/2009   346.410438 DRA 30076863 06/08/2019 1 06/08/2019 Book